Киноварь западной части Кузнецкого Алатау; Известия Томского политехнического института [Известия ТПИ]; Т. 297 : Геология

ग्रंथसूची विवरण
Parent link:Известия Томского политехнического института [Известия ТПИ]/ Томский политехнический институт (ТПИ).— , 1944-1976
Т. 297 : Геология.— 1975.— [С. 27-36]
मुख्य लेखक: Минин А. Д.
अन्य लेखक: Кузьмин А. М. Алексей Михайлович
सारांश:Заглавие с титульного листа
Электронная версия печатной публикации
Изучение локализации ртутного оруденения в северо-западной части Кузнецкого Алатау позволило установить, что киноварь присутствует во всех разновидностях пород в пределах зон разрывных нарушений и контролируется последними. Наметилось четкое выделение двух ртутных подзон в северной части Кузнецкой зоны: Баянзас-Кожу-ховской и Пезасско-Осиповской, одноименных с зонами разрывных нарушений. Ртутная минерализация в рассматриваемом районе проявилась одноактно в послетриасовое время.
भाषा:रूसी
प्रकाशित: 1975
विषय:
ऑनलाइन पहुंच:Черно-белая версия для предварительного просмотра
Цветная версия без потери качества
स्वरूप: MixedMaterials इलेक्ट्रोनिक पुस्तक अध्याय
KOHA link:https://koha.lib.tpu.ru/cgi-bin/koha/opac-detail.pl?biblionumber=240514

MARC

LEADER 00000nla2a2200000 4500
001 240514
005 20231031205720.0
035 |a (RuTPU)RU\TPU\book\261771 
035 |a RU\TPU\book\261767 
090 |a 240514 
100 |a 20130621d1975 k y0rusy50 ca 
101 0 |a rus 
102 |a RU 
135 |a drnn ---uucaa 
181 0 |a i  
182 0 |a b 
200 1 |a Киноварь западной части Кузнецкого Алатау  |b Электронный ресурс  |f А. Д. Минин, А. М. Кузьмин 
203 |a Текст  |c электронный 
215 |a 2 файла (770 Кб, 19.6 Мб) 
230 |a Электронные текстовые данные (2 файла : 770 Кб, 19.6 Мб) 
300 |a Заглавие с титульного листа 
300 |a Электронная версия печатной публикации 
320 |a [Библиогр.: с. 36 (11 назв.)] 
330 |a Изучение локализации ртутного оруденения в северо-западной части Кузнецкого Алатау позволило установить, что киноварь присутствует во всех разновидностях пород в пределах зон разрывных нарушений и контролируется последними. Наметилось четкое выделение двух ртутных подзон в северной части Кузнецкой зоны: Баянзас-Кожу-ховской и Пезасско-Осиповской, одноименных с зонами разрывных нарушений. Ртутная минерализация в рассматриваемом районе проявилась одноактно в послетриасовое время. 
337 |a Adobe Reader 
461 1 |0 (RuTPU)RU\TPU\book\200995  |t Известия Томского политехнического института [Известия ТПИ]  |f Томский политехнический институт (ТПИ)  |d 1944-1976 
463 1 |0 (RuTPU)RU\TPU\book\261758  |t Т. 297 : Геология  |v [С. 27-36]  |d 1975  |p 138 с. 
610 1 |a электронный ресурс 
610 1 |a труды учёных ТПУ 
675 |a 550.4  |v 3 
700 1 |a Минин  |b А. Д. 
701 1 |a Кузьмин  |b А. М.  |c российский геолог  |c профессор Томского политехнического института  |f 1891-1980  |g Алексей Михайлович  |2 stltpush  |3 (RuTPU)RU\TPU\pers\13901 
801 1 |a RU  |b 63413507  |c 20090320  |g PSBO 
801 2 |a RU  |b 63413507  |c 20130702  |g PSBO 
856 4 |u http://www.lib.tpu.ru/fulltext/v/Bulletin_TPU/1975/v297/08_bw.pdf  |z Черно-белая версия для предварительного просмотра 
856 4 |u http://www.lib.tpu.ru/fulltext/v/Bulletin_TPU/1975/v297/08_full.pdf  |z Цветная версия без потери качества 
942 |c CF